Reliģiskie motīvi Rūdolfa Blaumaņa prozā
| Titel: | Reliģiskie motīvi Rūdolfa Blaumaņa prozā / Ilona Miezīte |
|---|---|
| Verfasser: | |
| In: |
Rūdolfs Blaumanis: teksts un konteksts, (2013), Seite 159-166 alle Artikel anzeigen |
| Veröffentlicht: | 2013 |
| Format: | Aufsatz |
| Sprache: | Lettisch |
X
alg: 46972677 001A $03025:22-09-20 001B $01999:22-09-20 $t22:37:14.000 001D $03025:22-09-20 001U $0utf8 001X $00 002@ $0Aou 002C $aText $btxt $2rdacontent 002D $aohne Hilfsmittel zu benutzen $bn $2rdamedia 002E $aBand $bnc $2rdacarrier 003@ $0469726776 007A $0469726776 $aHEB 010@ $alav 010E $erda 011@ $a2013 $n2013 021A $aReliģiskie motīvi Rūdolfa Blaumaņa prozā $hIlona Miezīte 028A $BVerfasser $4aut $7 $8Miezīte, Ilona [Tnu] $943045998X 031A $g8 $h159-166 $j2013 039B $aEnthalten in $8--Aau--. Rūdolfs Blaumanis: teksts un konteksts. - Rīga : LU Akadēmiskais apgāds, 2013. - 486 Seiten. - Illustrationen, Karten. - ISBN 978-9984-45-781-9 $x201300000000000841 $9462979644 044K $#Blauman, R. $#Blauman, Rudolʹf $#Blaumanis, Rudolʹf $#Blaumann, Rudolf $7118511610 $8Blaumanis, Rūdolfs$Z1863-1908 [Tp1] $9086852744 044K $#Lettland $#Lettland $#Latvija $#Latvijas Republika $#Lettische Republik $#Lettische SSR $#Latvijskaja SSR $74074187-4 $8Lettland [Tg1] $9085208876 044K $RLiteratur $REpik $#Prose literature $#Prose literature History and criticism $#Prose $#Prosa $#Erzählende Prosa $#Erzählprosa $#Fiktionale Prosa $#Kunstprosa $#Prosaepik $#Prose fiction $#Prosawerk $#Erzählwerk Prosa $#Prosatext $#Prosawerke $#Prosatexte $74047497-5 $8Prosa [Ts1] $9085132446 044K $RFrömmigkeit $RReligiöses Bewusstsein $#Religiousness $#Religiosité $#Religiosität $#Religiösität $74049428-7 $8Religiosität [Ts1] $908513788X 044K $RReligion $RKirche $RChrist $RChristin $#Christianity $#Christianisme $#Christenheit $#Christianitas $#Christianity $#Christliche Religion $#Christliche Weltanschauung $74010074-1 $8Christentum [Ts1] $9085019623 045F $a809 $eDDC23BSB 045F/01 $a809 045F/03 $f09034 045F/03 $g4796 045R $aIdeengeschichte 1890-1900 046L $aEnglische Zusammenfassung unter dem Titel: Religious motifs in Rūdolfs Blaumanis' prose lok: 46972677 78 exp: 46972677 78 1 #EPN 201B/01 $022-09-20 $t11:47:26.000 201C/01 $022-09-20 201U/01 $0utf8 203@/01 $0112363694X 208@/01 $a22-09-20 $be 209A/01 $a/ $f000 $x00 209A/01 $ab*p $x01 220C/01 $akoe 247C/01 $82080>Marburg/Lahn, Herder-Institut, Forschungsbibliothek, Bibliographieportal $9336309341
| LEADER | 00000caa a2200000 c 4500 | ||
|---|---|---|---|
| 001 | 469726776 | ||
| 003 | DE-603 | ||
| 005 | 20200922223714.0 | ||
| 007 | tu | ||
| 008 | 200922s2013 xx |||| | u00||u|lav c | ||
| 035 | |a (DE-599)HEB469726776 | ||
| 040 | |a DE-603 |b ger |c DE-603 |d DE-603 |e rda | ||
| 041 | |a lav | ||
| 082 | 0 | 4 | |8 1\u |a 809 |q DE-101 |2 23/BSB |
| 085 | |8 1\u |b 809 | ||
| 085 | |8 1\u |z 1 |s 09034 | ||
| 085 | |8 1\u |z 2 |s 4796 | ||
| 100 | 1 | |a Miezīte, Ilona |e Verfasser |4 aut |0 (DE-603)43045998X | |
| 245 | 0 | 0 | |a Reliģiskie motīvi Rūdolfa Blaumaņa prozā |c Ilona Miezīte |
| 264 | 0 | |c 2013 | |
| 336 | |a Text |b txt |2 rdacontent | ||
| 337 | |a ohne Hilfsmittel zu benutzen |b n |2 rdamedia | ||
| 338 | |a Band |b nc |2 rdacarrier | ||
| 546 | |a Englische Zusammenfassung unter dem Titel: Religious motifs in Rūdolfs Blaumanis' prose | ||
| 600 | 1 | 7 | |a Blaumanis, Rūdolfs |d 1863-1908 |0 (DE-588)118511610 |0 (DE-603)086852744 |2 gnd |
| 648 | 7 | |a Ideengeschichte 1890-1900 |2 gnd | |
| 650 | 7 | |a Prosa |0 (DE-588)4047497-5 |0 (DE-603)085132446 |2 gnd | |
| 650 | 7 | |a Religiosität |0 (DE-588)4049428-7 |0 (DE-603)08513788X |2 gnd | |
| 650 | 7 | |a Christentum |0 (DE-588)4010074-1 |0 (DE-603)085019623 |2 gnd | |
| 651 | 7 | |a Lettland |0 (DE-588)4074187-4 |0 (DE-603)085208876 |2 gnd | |
| 773 | 0 | 8 | |i Enthalten in |t Rūdolfs Blaumanis: teksts un konteksts |d Rīga : LU Akadēmiskais apgāds, 2013 |h 486 Seiten, Illustrationen, Karten |z 9789984457819 |g (2013), Seite 159-166 |w (DE-603)462979644 |
| 924 | 0 | |9 2080 |a (DE-603)112363694X |b DE-2080 |c HES |d d |g / | |


